For whom the wind falls?: winners and losers in the privatisation of Zambia's copper mines. (Record no. 63206)

MARC details
000 -LEADER
fixed length control field 02254nam a2200301 a 4500
008 - FIXED-LENGTH DATA ELEMENTS--GENERAL INFORMATION
fixed length control field 070716s2006 ||||||||||||||||| || u
050 ## - LIBRARY OF CONGRESS CALL NUMBER
Classification number HD 9539.C7 Z2 Fra
100 ## - MAIN ENTRY--PERSONAL NAME
Personal name Lungu, John
245 10 - TITLE STATEMENT
Title For whom the wind falls?: winners and losers in the privatisation of Zambia's copper mines.
Statement of responsibility, etc. Alastair Fraser & John Lungu
260 ## - PUBLICATION, DISTRIBUTION, ETC.
Place of publication, distribution, etc. Lusaka
Name of publisher, distributor, etc. CSTNZ /CCJDP
Date of publication, distribution, etc. 2006
300 ## - PHYSICAL DESCRIPTION
Extent 84p.: ill.
350 ## -
-- 0.00
500 ## - GENERAL NOTE
General note The study was sponsored by Civil Society Trade Network of Zambia (CSTNZ) & Catholic Centre for Justiice, Development and Peace, Zambia Episcopal Conference (CCJDP)
650 ## - SUBJECT ADDED ENTRY--TOPICAL TERM
Topical term or geographic name entry element MINING INDUSTRY--SOCIAL ASPECTS--ZAMBIA
650 ## - SUBJECT ADDED ENTRY--TOPICAL TERM
Topical term or geographic name entry element MINING INDUSTRY--ECONOMIC ASPECTS--ZAMBIA
650 ## - SUBJECT ADDED ENTRY--TOPICAL TERM
Topical term or geographic name entry element COPPER INDUSTRY AND TRADE--ZAMBIA
650 ## - SUBJECT ADDED ENTRY--TOPICAL TERM
Topical term or geographic name entry element MINING
650 ## - SUBJECT ADDED ENTRY--TOPICAL TERM
Topical term or geographic name entry element PRIVATIZATION--ZAMBIA
700 ## - ADDED ENTRY--PERSONAL NAME
Personal name Fraser, Alastair
995 ## -
-- MAIN LIBRARY OPEN ACCESS
-- 0.00
-- 737722
-- CBU-MAIN LIBRARY (Kitwe)
-- 1
-- 0.00
-- HD 9539.C7 Z2 FRA
-- 5
-- AVAILABLE
-- Jul 16, 2007
-- 55114
-- Main Library Open Access Collection
995 ## -
-- MAIN LIBRARY OPEN ACCESS
-- 0.00
-- 742380
-- CBU-MAIN LIBRARY (Kitwe)
-- 1
-- 0.00
-- HD 9539.C7 Z2 FRA
-- 8
-- AVAILABLE
-- Jan 31, 2011
-- 742380
-- Main Library Open Access Collection
995 ## -
-- MAIN LIBRARY OPEN ACCESS
-- 0.00
-- 737723
-- CBU-MAIN LIBRARY (Kitwe)
-- 1
-- 0.00
-- HD 9539.C7 Z2 FRA
-- 2
-- AVAILABLE
-- Jul 16, 2007
-- 55113
-- Main Library Open Access Collection
995 ## -
-- MAIN LIBRARY OPEN ACCESS
-- 0.00
-- 742378
-- CBU-MAIN LIBRARY (Kitwe)
-- 1
-- 0.00
-- HD 9539.C7 Z2 FRA
-- 6
-- AVAILABLE
-- Jan 31, 2011
-- 742378
-- Main Library Open Access Collection
995 ## -
-- MAIN LIBRARY OPEN ACCESS
-- 0.00
-- 737726
-- CBU-MAIN LIBRARY (Kitwe)
-- 1
-- 0.00
-- HD 9539.C7 Z2 FRA
-- 1
-- AVAILABLE
-- Jul 16, 2007
-- 55110
-- Main Library Open Access Collection
995 ## -
-- SPECIAL COLLECTIONS
-- 0.00
-- 737725
-- CBU-MAIN LIBRARY (Kitwe)
-- 1
-- 0.00
-- ZAM HD 9539.C7 Z2 FRA
-- 3
-- AVAILABLE
-- Jul 16, 2007
-- 55111
-- Zambiana Collection
995 ## -
-- SPECIAL COLLECTIONS
-- 0.00
-- 737724
-- CBU-MAIN LIBRARY (Kitwe)
-- 1
-- 0.00
-- ZAM HD 9539.C7 Z2 FRA
-- 4
-- AVAILABLE
-- Jul 16, 2007
-- 55112
-- Zambiana Collection
995 ## -
-- MAIN LIBRARY OPEN ACCESS
-- 0.00
-- 742379
-- CBU-MAIN LIBRARY (Kitwe)
-- 1
-- 0.00
-- HD 9539.C7 Z2 FRA
-- 7
-- AVAILABLE
-- Jan 31, 2011
-- 742379
-- Main Library Open Access Collection
999 ## -
-- 63206
-- 63206
Holdings
Withdrawn status Lost status Source of classification or shelving scheme Damaged status Not for loan Permanent Location Current Location Shelving location Date acquired Total Checkouts Full call number Barcode Date last seen Price effective from Koha item type
          CBU-MAIN LIBRARY, KITWE. CBU-MAIN LIBRARY, KITWE.   12/24/2022   HD 9539.C7 Z2 Fra 55114 12/24/2022 12/24/2022 MONOGRAPH
          CBU-MAIN LIBRARY, KITWE. CBU-MAIN LIBRARY, KITWE.   12/24/2022   HD 9539.C7 Z2 Fra 742380 12/24/2022 12/24/2022 MONOGRAPH
          CBU-MAIN LIBRARY, KITWE. CBU-MAIN LIBRARY, KITWE.   12/24/2022   HD 9539.C7 Z2 Fra 55113 12/24/2022 12/24/2022 MONOGRAPH
          CBU-MAIN LIBRARY, KITWE. CBU-MAIN LIBRARY, KITWE.   12/24/2022   HD 9539.C7 Z2 Fra 742378 12/24/2022 12/24/2022 MONOGRAPH
          CBU-MAIN LIBRARY, KITWE. CBU-MAIN LIBRARY, KITWE.   12/24/2022   HD 9539.C7 Z2 Fra 55110 12/24/2022 12/24/2022 MONOGRAPH
          CBU-MAIN LIBRARY, KITWE. CBU-MAIN LIBRARY, KITWE.   12/24/2022   ZAM HD 9539.C7 Z2 Fra 55111 12/24/2022 12/24/2022 MONOGRAPH
          CBU-MAIN LIBRARY, KITWE. CBU-MAIN LIBRARY, KITWE.   12/24/2022   ZAM HD 9539.C7 Z2 Fra 55112 12/24/2022 12/24/2022 MONOGRAPH
          CBU-MAIN LIBRARY, KITWE. CBU-MAIN LIBRARY, KITWE.   12/24/2022   HD 9539.C7 Z2 Fra 742379 12/24/2022 12/24/2022 MONOGRAPH